Control Systems ( PR ) (Record no. 3269)

MARC details
000 -LEADER
fixed length control field 00362nam a2200145Ia 4500
008 - FIXED-LENGTH DATA ELEMENTS--GENERAL INFORMATION
fixed length control field 221030s9999 xx 000 0 und d
041 ## - LANGUAGE CODE
Language code of text/sound track or separate title
082 ## - DEWEY DECIMAL CLASSIFICATION NUMBER
Classification number 105.23
Item number Suk
100 ## - MAIN ENTRY--AUTHOR NAME
Personal name R. C. Sukla ( PR )
245 #0 - TITLE STATEMENT
Title Control Systems ( PR )
Statement of responsibility, etc by R. C. Sukla ( PR )
260 ## - PUBLICATION, DISTRIBUTION, ETC. (IMPRINT)
Name of publisher Dhanpat Rai Pub
Place of publication New Delhi
Year of publication 2001
300 ## - PHYSICAL DESCRIPTION
Number of Pages 644
650 ## - SUBJECT ADDED ENTRY--TOPICAL TERM
Topical Term EE
942 ## - ADDED ENTRY ELEMENTS (KOHA)
Koha item type Books
Holdings
Accession Number Cost, normal purchase price Full call number Price effective from Koha item type Withdrawn / writtenoff status Materials specified (bound volume or other part) Damaged status Not for loan Permanent Location Current Location Shelving location Date acquired Lost/ Missing status department
BE 5331 100.00 105.23 Suk 10/30/2022 Books   Print     MIET Library, Jammu MIET Library, Jammu BL-Payment, FL-1, CUP-32, SH-4, R-4 10/27/2005   BE